| 000 | 01279cam a2200373Ia 4500 | ||
|---|---|---|---|
| 001 | SCP00NE0201PDF | ||
| 003 | BD-DhSAU | ||
| 005 | 20151012144305.0 | ||
| 006 | m|||||o||d|||||||| | ||
| 007 | cr|||| | ||
| 008 | 110518s2006 nhuadf sb 001 0 eng d | ||
| 020 | _a9781439842300 (ebook : PDF) | ||
| 040 |
_aBD-DhSAU _cBD-DhSAU |
||
| 090 |
_aQL639.1 _b.F5535 2006 |
||
| 092 |
_a573.417 _bF532 |
||
| 245 | 0 | 0 |
_aFish endocrinology _h[electronic resource] / _ceditors, Manfred Reinecke, Giacomo Zaccone, B.G. Kapoor. |
| 260 |
_aEnfield, N.H. : _bScience Publishers, _cc2006. |
||
| 300 |
_a2 v. : _bill. (some col.). |
||
| 504 | _aIncludes bibliographical references and index. | ||
| 530 | _aAlso available in print edition. | ||
| 538 | _aMode of access: World Wide Web. | ||
| 650 | 0 |
_aFishes _xEndocrinology. |
|
| 655 | 7 |
_aElectronic books. _2lcsh |
|
| 700 | 1 | _aReinecke, Manfred. | |
| 700 | 1 | _aZaccone, Giacomo. | |
| 700 | 1 | _aKapoor, B. G. | |
| 776 | 1 | _z9781578083183 | |
| 776 | 1 | _z1578083184 | |
| 776 | 1 | _z9781578084142 | |
| 776 | 1 | _z1578084148 | |
| 776 | 1 | _z9781578084159 | |
| 776 | 1 | _z1578084156 | |
| 856 | 4 | 0 |
_uhttp://marc.crcnetbase.com/isbn/9781439842300 _qapplication/PDF |
| 999 |
_c11715 _d11714 |
||